Statistics for Hottest Cities in North America

Click here to take the quiz!

General Stats

  • This quiz has been taken 41 times
  • The average score is 9 of 13

Answer Stats

#Mean Temp.Answer% Correct
525.2Miami
97%
1221.6Houston
91%
525.2Havana
80%
1022.8Orlando
77%
724.2Phoenix
77%
923.6Tampa
71%
128.1Panama City
69%
426.2Santo Domingo
69%
1321.2Las Vegas
66%
1122.3Monterrey
63%
228.0Port-au-Prince
63%
823.7San Salvador
60%
327.2San Juan
43%

Score Distribution

Percentile by Number Answered

Percent of People with Each Score

Your Score History

You have not taken this quiz